| 000 | 003180000a22001090004500 | ||
|---|---|---|---|
| 100 | 1 | _aDadi, Tadesse | |
| 245 | 1 | 0 | _aCómo adaptarse a la sequía en Etiopía |
| 300 | _aVol.0, núm.70 (Mayo, 2007), Páginas 5-6 | ||
| 500 | _aAsesor de apoyo de Programas de Tearfund en Etiopía. | ||
| 773 | 0 | _tPaso a Paso | |
| 942 | _cANA | ||
| 999 |
_c62249 _d62249 |
||